000 00708nam a2200217 a 4500
005 20140310183553.0
008 111015s19uu xx 00 eng d
020 _a9781412949361
050 _aLB 2831.82
_b.B85 2009
100 _aBlankstein, Alan
245 _aBuilding sustainable leadership capacity /
_cAlan Blankstein, Paul Houston, Robert Cole - editors.
260 _aCalifornia :
_bCorwin Press,
_c2009.
300 _a177 p. :
_c25 cm.
440 _aThe Soul Educational Leadership
521 _aEDU
650 _aSchool administrators
_xTraining of
_xUnited States
650 _aEducational leadership
_xUnited States
700 _aHouston, Paul.
942 _cBK
_2lcc
_kFOR
999 _c24987
_d24987